02361naa#a2200301#i#4500001001600000005001700016011001400033100004100047102000700088200022800095210013000323215001100453606011900464608004500583675057900628686009901207686007001306686009101376686007901467686009201546686005601638686007201694686006901766686007101835686007501906700005201981856002602033RU\\bibl\11533820260604031909.4##a2221-3260##a20260331b2026####ek#y0rusy0150####ca##aRU1#aТеоретико-методологические основы ресурсно-потокового метода (РПМ+) описания технологических цепочекeЖурнальная статья1#aЯрославльcЯрославский государственный технический университетd2026##a22 с.##aЭкономика. 38.03.01aБизнес-информатика. 38.03.05aМенеджмент. 38.03.022local##aЖурнальная статья2local##aАнализ затраты - выпуск в экономике. Межотраслевые балансы. Анализ межотраслевых связей. Модели затраты - выпуск (модели межотраслевого баланса). 330.44aОрганизация производства (производственного процесса). Производственное планирование. Конструирование. Контроль на производстве. 658.5aАвтоматизация в целом. 65.011.56##aПланирование. Экономическое прогнозирование. 65232bbk##aЭкономика предприятия (фирмы). 65292bbk##aОрганизация производства на предприятии. 78122tbk##aУправление затратами. Контроллинг. 78142tbk##aУправление бизнес-процессами. Аутсорсинг. 78182tbk##aПрикладной менеджмент. 7832tbk##aТеория экономического анализа. 77212tbk##aУчетно-экономические науки. 06.352grnti##aНаука управления экономикой. 06.392grnti##aОбщая технология производства. 81.132grnti#1aДашутgЕвгений Савельевич4#atheoreticaleconomy.ru